[Event "Perenyi Bela Memorial"]
[Site "Budapest"]
[Date "2016.01.14"]
[Round "8.1"]
[White "Farago, Sandor"]
[Black "Grimm, Daniel"]
[Result "0-1"]
[WhiteElo "2263"]
[BlackElo "2319"]
[PlyCount "106"]
[EventDate "2016.01.06"]
[EventRounds "9"]
[EventCountry "HUN"]
[WhiteClock "0:02:21"]
[BlackClock "0:05:54"]

1. c4 c6 2. Nf3 Nf6 3. Nc3 d5 4. e3 Bg4 5. h3 Bh5 6. cxd5 Bxf3 7. Qxf3 cxd5 8.
Bb5+ Nc6 9. d4 Rc8 10. O-O e6 11. Rd1 Be7 12. Bd2 O-O 13. Rac1 a6 14. Bd3 Nd7
15. Be1 Kh8 16. a3 f5 17. Ne2 Bd6 18. Bc3 Qe7 19. Nf4 Qf7 20. Bb1 Nf6 21. Nd3
Ne4 22. Be1 g5 23. Qe2 g4 24. h4 g3 25. fxg3 Nxg3 26. Qf3 Rg8 27. Nf4 Bxf4 28.
Rxc6 Rxc6 29. exf4 Ne4 30. Kh2 Qc7 31. Qe3 Qg7 32. g3 Qg4 33. Bxe4 fxe4 34. Rd2
Rgc8 35. Rf2 Rc2 36. Bd2 Rxb2 37. f5 exf5 38. Qh6 Qg6 39. Qf4 Qe6 40. h5 e3 41.
Bxe3 Rxf2+ 42. Bxf2 h6 43. Be3 Kh7 44. Kh3 Rc6 45. Bf2 Qe4 46. Qxe4 fxe4 47.
Kg4 Rc3 48. Be1 Rf3 49. a4 b5 50. axb5 axb5 51. Bb4 Rf1 52. Bd2 b4 53. Bxb4 e3
0-1

[Event "Perenyi Bela Memorial"]
[Site "Budapest"]
[Date "2016.01.14"]
[Round "8.2"]
[White "Nemeth, Zoltan"]
[Black "Lengyel, Bela"]
[Result "1-0"]
[WhiteElo "2299"]
[BlackElo "2246"]
[PlyCount "93"]
[EventDate "2016.01.06"]
[EventRounds "9"]
[EventCountry "HUN"]
[WhiteClock "0:07:40"]
[BlackClock "0:41:33"]

1. e4 e5 2. Nf3 Nc6 3. Bc4 Nf6 4. Ng5 d5 5. exd5 Na5 6. Bb5+ c6 7. dxc6 bxc6 8.
Bd3 g6 9. O-O Bg7 10. b4 Nd5 11. bxa5 Qxg5 12. Be4 O-O 13. c4 Bg4 14. f3 Bh3
15. Rf2 Nf4 16. g3 f5 17. Bxc6 Rac8 18. Bb7 Rc7 19. a6 Nd3 20. Bd5+ Kh8 21. Ba3
Nxf2 22. Kxf2 Rd8 23. Qb3 Qf6 24. Bb2 Qxa6 25. Nc3 Qa5 26. Qb5 Qxb5 27. Nxb5
Rcd7 28. Re1 Rxd5 29. cxd5 Rxd5 30. Nxa7 Ra5 31. Nc6 Rxa2 32. Bc3 e4 33. Nb4
Bxc3 34. Nxa2 Bxd2 35. Rd1 e3+ 36. Ke2 f4 37. gxf4 Be6 38. Nc1 Bc4+ 39. Nd3 Kg7
40. Rb1 Kf6 41. Rb7 h5 42. Rc7 Bb5 43. Rc5 Be8 44. Ne5 Bb4 45. Rc8 Bb5+ 46.
Kxe3 g5 47. Ke4 1-0

[Event "Perenyi Bela Memorial"]
[Site "Budapest"]
[Date "2016.01.14"]
[Round "8.3"]
[White "Szalanczy, Emil"]
[Black "Balint, Vilmos"]
[Result "1-0"]
[WhiteElo "2267"]
[BlackElo "2261"]
[PlyCount "93"]
[EventDate "2016.01.06"]
[EventRounds "9"]
[EventCountry "HUN"]

1. e4 e6 2. d4 d5 3. Nc3 Bb4 4. e5 Ne7 5. a3 Bxc3+ 6. bxc3 b6 7. Nh3 Ng6 8.
Bb5+ c6 9. Bd3 Ba6 10. O-O Bxd3 11. Qxd3 c5 12. Ng5 Qd7 13. a4 h6 14. Nf3 Nc6
15. h4 h5 16. g3 Rc8 17. Ba3 Na5 18. Rfb1 Nc4 19. a5 b5 20. a6 O-O 21. Ng5 b4
22. cxb4 cxd4 23. f4 Ne3 24. b5 Rc3 25. Qxd4 Rfc8 26. Rb3 Rxb3 27. cxb3 Nc2 28.
Qd1 Nxa3 29. b6 Nb5 30. b7 Rb8 31. Rc1 d4 32. Qd3 Nf8 33. Rc4 Nc3 34. Kf2 f6
35. Nf3 f5 36. Qxd4 Ne4+ 37. Ke1 Qb5 38. Rc8 Nxg3 39. Qc4 Qa5+ 40. Nd2 Ne4 41.
Qd4 Nxd2 42. Qxd2 Qa1+ 43. Kf2 Qh1 44. Rxb8 Qxh4+ 45. Ke2 Qg4+ 46. Kd3 Qf3+ 47.
Kc2 1-0

[Event "Perenyi Bela Memorial"]
[Site "Budapest"]
[Date "2016.01.14"]
[Round "8.4"]
[White "Boguszlavszkij, Jevgenyij"]
[Black "Orso, Miklos"]
[Result "1/2-1/2"]
[WhiteElo "2193"]
[BlackElo "2283"]
[PlyCount "40"]
[EventDate "2016.01.06"]
[EventRounds "9"]
[EventCountry "HUN"]
[WhiteClock "0:49:51"]
[BlackClock "0:31:59"]

1. e4 c5 2. Nc3 Nc6 3. Nge2 e5 4. Nd5 g6 5. Nec3 a6 6. a4 d6 7. Bc4 Bg7 8. O-O
Nge7 9. d3 Nxd5 10. Nxd5 O-O 11. h3 Kh8 12. c3 f5 13. f4 fxe4 14. dxe4 exf4 15.
Bxf4 Ne5 16. Be2 Be6 17. Qd2 Bxd5 18. exd5 Nf7 19. Rf2 Qe7 20. Bg4 Be5 1/2-1/2

[Event "Perenyi Bela Memorial"]
[Site "Budapest"]
[Date "2016.01.14"]
[Round "8.5"]
[White "Koczo, Kristof"]
[Black "Halak, Miklos"]
[Result "0-1"]
[WhiteElo "2198"]
[BlackElo "2220"]
[PlyCount "96"]
[EventDate "2016.01.06"]
[EventRounds "9"]
[EventCountry "HUN"]
[WhiteClock "0:40:49"]
[BlackClock "0:39:29"]

1. d4 c5 2. d5 e6 3. c4 exd5 4. cxd5 d6 5. e4 g6 6. Nc3 a6 7. a4 Bg7 8. Bd3 Nd7
9. Nf3 Ne5 10. Nxe5 Bxe5 11. Be3 Ne7 12. Qd2 O-O 13. Bh6 Re8 14. Ne2 Qb6 15.
Rb1 f5 16. f3 Bd7 17. a5 Qd8 18. O-O b5 19. axb6 Qxb6 20. Bc4 Rab8 21. b3 Kh8
22. h3 Ng8 23. Be3 a5 24. Bd3 Bg7 25. Kh1 Nf6 26. Ng3 fxe4 27. fxe4 Bb5 28. Bg5
Bxd3 29. Qxd3 Nd7 30. Qd2 Qb4 31. Rf7 Ne5 32. Ra7 c4 33. Qxb4 Rxb4 34. Rxa5
cxb3 35. Bd2 Rd4 36. Bc3 Rd3 37. Bxe5 Bxe5 38. Nf1 b2 39. Rb5 Rf8 40. Nh2 Rc8
41. Rf1 Rc1 42. Rb8+ Kg7 43. Rb7+ Kh6 44. Ng4+ Kg5 45. Kg1 Bd4+ 46. Nf2 Bxf2+
47. Kxf2 Rxf1+ 48. Kxf1 Rd1+ 0-1

[Event "Perenyi Bela Memorial"]
[Site "Budapest"]
[Date "2016.01.14"]
[Round "8.6"]
[White "Reznak, Attila"]
[Black "Czegledi, Barna Jr"]
[Result "1-0"]
[WhiteElo "2337"]
[BlackElo "2127"]
[PlyCount "51"]
[EventDate "2016.01.06"]
[EventRounds "9"]
[EventCountry "HUN"]

1. c4 g6 2. Nc3 Bg7 3. g3 e5 4. Bg2 Nc6 5. Nf3 d6 6. O-O Be6 7. d3 h6 8. Rb1
Nge7 9. b4 Qd7 10. b5 Nd8 11. Nd2 Bh3 12. Nd5 Bxg2 13. Kxg2 c6 14. bxc6 bxc6
15. Nxe7 Qxe7 16. Ba3 f5 17. Qa4 O-O 18. Qa6 g5 19. Bb4 Rf7 20. Ba5 Nb7 21.
Qxc6 Raf8 22. Bb4 g4 23. Ba3 h5 24. Rb5 Bh6 25. Rfb1 Bxd2 26. Rxb7 1-0

[Event "Perenyi Bela Memorial"]
[Site "Budapest"]
[Date "2016.01.14"]
[Round "8.7"]
[White "Gumanny, Evgeny"]
[Black "Torok, Tamas Titusz"]
[Result "1-0"]
[WhiteElo "2139"]
[BlackElo "2129"]
[PlyCount "75"]
[EventDate "2016.01.06"]
[EventRounds "9"]
[EventCountry "HUN"]

1. d4 Nf6 2. c4 g6 3. Nc3 Bg7 4. e4 d6 5. Nf3 O-O 6. Be2 Nbd7 7. O-O e5 8. d5
Nc5 9. Qc2 a5 10. Bg5 h6 11. Be3 b6 12. Nd2 Ng4 13. Bxg4 Bxg4 14. a3 Na6 15.
Rab1 Bd7 16. b4 f5 17. exf5 Bxf5 18. Nde4 axb4 19. axb4 Nb8 20. f3 Nd7 21. Qd2
Kh7 22. Rfd1 Qe7 23. Rbc1 Bxe4 24. Nxe4 Nf6 25. Ng3 e4 26. Re1 exf3 27. Bxh6
Qf7 28. Bxg7 Kxg7 29. gxf3 Nd7 30. Rf1 Kg8 31. f4 Qg7 32. Ne4 Qh6 33. Ng5 Nf6
34. Rc3 Qh4 35. Qg2 Qh6 36. Ne6 Rfc8 37. f5 Nh5 38. fxg6 1-0

[Event "Perenyi Bela Memorial"]
[Site "Budapest"]
[Date "2016.01.14"]
[Round "8.8"]
[White "Mihalka, Zsolt"]
[Black "Mezei, Csaba"]
[Result "1/2-1/2"]
[WhiteElo "2233"]
[BlackElo "2045"]
[PlyCount "211"]
[EventDate "2016.01.06"]
[EventRounds "9"]
[EventCountry "HUN"]

1. e4 c5 2. Nf3 d6 3. d4 cxd4 4. Nxd4 Nf6 5. Nc3 g6 6. Be3 Bg7 7. Be2 Nc6 8.
O-O O-O 9. h3 Bd7 10. Qd2 a6 11. f4 Rc8 12. Rad1 Qa5 13. Bf3 Nxd4 14. Bxd4 Bc6
15. Nd5 Qd8 16. Bb6 Qe8 17. Nc7 Rxc7 18. Bxc7 Nxe4 19. Qe1 f5 20. c3 Qf7 21.
Bb6 Qxa2 22. Bxe4 Bxe4 23. Qf2 Qc4 24. h4 Qc6 25. Be3 h5 26. Qg3 Kh7 27. Bd4
Bh6 28. Qf2 Re8 29. Rd2 Rf8 30. Qe1 Rf7 31. Be3 Bg7 32. Qd1 Bf6 33. g3 Kg7 34.
Bd4 Bxd4+ 35. cxd4 Qd5 36. Qe2 Kf6 37. Rc1 Rf8 38. Rc3 Rb8 39. Qe1 a5 40. Qa1
Kf7 41. Qa4 b5 42. Qxa5 Ra8 43. Qc7 Ra1+ 44. Rc1 Ra4 45. Rcd1 Rb4 46. Kh2 Qa2
47. Qc1 Qd5 48. Qc8 Ra4 49. Qh8 Rb4 50. Qh7+ Kf6 51. Ra1 Qf7 52. Qh8+ Qg7 53.
Qc8 Qf7 54. Ra7 Rc4 55. Rc7 Rxc7 56. Qxc7 Qa2 57. Qc1 b4 58. Qd1 Qc4 59. Qe2
Qb3 60. Qf2 Kf7 61. Re2 Qd1 62. Re1 Qd3 63. Rc1 Qb3 64. Qd2 Qf3 65. Re1 Qb3 66.
Re3 Qc4 67. Kg1 Ke6 68. b3 Qb5 69. Re1 Qa5 70. Kf2 Kf6 71. Qb2 Qb6 72. Ke3 Bd5
73. Rc1 Qb7 74. Kf2 Qa7 75. Re1 Qb7 76. Qd2 Kf7 77. Ra1 Bxb3 78. Rb1 Bd5 79.
Rxb4 Qa8 80. Qb2 Ke6 81. Rb8 Qa7 82. Ke3 Qa4 83. Qc3 Kf6 84. Kd2 Qa6 85. Rb1
Qa8 86. Ra1 Qb7 87. Ra5 Ke6 88. Qe3+ Kf7 89. Qa3 Ke6 90. Ra7 Qb1 91. Qe3+ Be4
92. Ra3 Qb2+ 93. Kd1 Kf6 94. Qc3 Qg2 95. Ra7 Bd5 96. Qe3 Bf3+ 97. Kc1 Be4 98.
Qc3 Qf1+ 99. Kb2 Qb1+ 100. Ka3 Bd5 101. Ra5 Qa2+ 102. Kb4 Qb1+ 103. Ka4 Kf7
104. Ka3 Qa2+ 105. Kb4 Qb1+ 106. Ka3 {1/2 (106) Vargyas,Z (2127)-Karacsonyi,G 
(2013) Perenyi Bela Memorial 2016 2016} 1/2-1/2

[Event "Perenyi Bela Memorial"]
[Site "Budapest"]
[Date "2016.01.14"]
[Round "8.9"]
[White "Vargyas, Zoltan"]
[Black "Karacsonyi, Gellert"]
[Result "1/2-1/2"]
[WhiteElo "2127"]
[BlackElo "2013"]
[PlyCount "46"]
[EventDate "2016.01.06"]
[EventRounds "9"]
[EventCountry "HUN"]

1. e4 c5 2. Nf3 e6 3. d4 cxd4 4. Nxd4 Nf6 5. Bd3 Nc6 6. Be3 e5 7. Nxc6 bxc6 8.
O-O d5 9. Nd2 Ng4 10. Nb3 d4 11. Bd2 Qh4 12. h3 Nf6 13. f4 Bd6 14. Qf3 h5 15.
Be1 Qxf4 16. Qxf4 exf4 17. Nxd4 Bc5 18. Bf2 Bd7 19. Nf5 Bxf2+ 20. Rxf2 g5 21.
c4 Bxf5 22. exf5 O-O-O 23. Bc2 Rhe8 1/2-1/2

[Event "Perenyi Bela Memorial"]
[Site "Budapest"]
[Date "2016.01.14"]
[Round "8.10"]
[White "Horvath, Jeno Kalman"]
[Black "Piroska, Istvan"]
[Result "0-1"]
[WhiteElo "1997"]
[BlackElo "2104"]
[PlyCount "106"]
[EventDate "2016.01.06"]
[EventRounds "9"]
[EventCountry "HUN"]

1. e4 e5 2. Nf3 Nc6 3. Bb5 a6 4. Ba4 Nf6 5. d3 Bc5 6. c3 d6 7. h3 Bd7 8. O-O
Bb6 9. Re1 h6 10. d4 O-O 11. Bc2 Re8 12. a3 a5 13. dxe5 Nxe5 14. Nxe5 dxe5 15.
Qe2 Qe7 16. a4 Rad8 17. Na3 Bc5 18. Be3 Bxe3 19. Qxe3 Nh5 20. Kh2 Nf4 21. Rad1
Be6 22. Rxd8 Rxd8 23. Rd1 Rxd1 24. Bxd1 Qd7 25. Bc2 b6 26. Nb1 Bc4 27. Nd2 Be6
28. Nf3 f6 29. Nd2 Qf7 30. h4 Ng6 31. g3 Nf8 32. b4 Qd7 33. Qd3 Qc6 34. Kg2 Nd7
35. Bb3 Bxb3 36. Nxb3 axb4 37. cxb4 Qxa4 38. Qc4+ Kh7 39. Qxc7 Qxb3 40. Qxd7
Qxb4 41. Qf5+ Kg8 42. Qe6+ Kf8 43. Qc8+ Kf7 44. Qd7+ Qe7 45. Qd5+ Kg6 46. Qc6
Qd8 47. Qe6 b5 48. g4 Kh7 49. h5 Qb8 50. Kg3 b4 51. Qb3 Qb7 52. f3 Qb5 53. Qf7
b3 0-1

[Event "Perenyi Bela Memorial"]
[Site "Budapest"]
[Date "2016.01.14"]
[Round "8.11"]
[White "Csapo, Zoltan"]
[Black "Gasparics, Akos"]
[Result "0-1"]
[WhiteElo "1976"]
[BlackElo "2066"]
[PlyCount "70"]
[EventDate "2016.01.06"]
[EventRounds "9"]
[EventCountry "HUN"]

1. e4 e6 2. d4 d5 3. Nd2 Nf6 4. Bd3 c5 5. c3 Nc6 6. Ne2 cxd4 7. cxd4 dxe4 8.
Nxe4 Be7 9. O-O O-O 10. Nxf6+ Bxf6 11. Be3 g6 12. Be4 Ne7 13. Bh6 Re8 14. Qd2
Nf5 15. Bxf5 exf5 16. Rfd1 Qb6 17. Nc3 Be6 18. d5 Red8 19. Bg5 Bxg5 20. Qxg5
Bd7 21. h4 Kg7 22. h5 f6 23. h6+ Kf7 24. Qd2 Qd6 25. Re1 Re8 26. f4 Rac8 27.
Kh2 Rc4 28. g3 g5 29. Rxe8 Bxe8 30. Rf1 Kg6 31. Re1 Bd7 32. Qe2 Qc5 33. Kg2 Rd4
34. Qe7 Rd2+ 35. Kf1 Qf2# 0-1

[Event "Perenyi Bela Memorial"]
[Site "Budapest"]
[Date "2016.01.14"]
[Round "8.12"]
[White "Vass, Istvan"]
[Black "Kovacsy, Barnabas"]
[Result "1-0"]
[WhiteElo "2046"]
[BlackElo "1943"]
[PlyCount "67"]
[EventDate "2016.01.06"]
[EventRounds "9"]
[EventCountry "HUN"]

1. e4 c5 2. Nf3 e6 3. d4 cxd4 4. Nxd4 Nc6 5. Nc3 Qc7 6. g3 a6 7. Bg2 Nf6 8. O-O
Nxd4 9. Qxd4 Bc5 10. Qd1 O-O 11. Bg5 Be7 12. Qe2 d6 13. a4 h6 14. Be3 Nd7 15.
a5 b6 16. axb6 Nxb6 17. e5 d5 18. Qg4 Kh8 19. Qh5 Nc4 20. Bf4 Bb7 21. Rfe1 Nxb2
22. Bxh6 gxh6 23. Qxh6+ Kg8 24. Nd1 Nxd1 25. Raxd1 Qc4 26. c3 Qxc3 27. Re3 Qc4
28. Red3 Bc5 {=} 29. Qg5+ Kh8 30. g4 Bxf2+ 31. Kxf2 Qc2+ 32. Kf1 f6 33. Qh6+
Kg8 34. Qg6+ 1-0

[Event "Perenyi Bela Memorial"]
[Site "Budapest"]
[Date "2016.01.14"]
[Round "8.13"]
[White "Letay, Gyula"]
[Black "Ritter, Gabor Dr"]
[Result "1-0"]
[WhiteElo "1931"]
[BlackElo "2039"]
[PlyCount "115"]
[EventDate "2016.01.06"]
[EventRounds "9"]
[EventCountry "HUN"]

1. e4 c5 2. Nc3 e6 3. Nge2 Nc6 4. g3 g6 5. Bg2 Bg7 6. d3 Nge7 7. Be3 Nd4 8. O-O
O-O 9. Qd2 d6 10. Nc1 Bd7 11. Nd1 Rc8 12. c3 Ndc6 13. Ne2 b6 14. f4 Qc7 15. g4
f5 16. gxf5 exf5 17. Ng3 Kh8 18. Nf2 Be6 19. Nh3 Rcd8 20. Ng5 Bg8 21. exf5 Nxf5
22. Nxf5 gxf5 23. Qf2 Rde8 24. Rae1 Re7 25. Qh4 Rf6 26. Qh3 Nd8 27. Bd5 Bh6 28.
Bxg8 Kxg8 29. Rf3 Ne6 30. Kf2 Ng7 31. Rg1 Rg6 32. Rfg3 Bxg5 33. Rxg5 Ree6 34.
R1g3 Qf7 35. Qg2 Rxg5 36. Rxg5 Re7 37. Qa8+ Re8 38. Qc6 Qe6 39. Rg3 Kf7 40. Qf3
Re7 41. b3 Qf6 42. Bd2 Ne6 43. Qd5 Rd7 44. Rg5 Ke7 45. Rh5 Ng7 46. Rxh7 Qg6 47.
Qg8 Kf6 48. Qh8 Qg4 49. Qf8+ Kg6 50. Rh8 Qd1 51. Be3 Qc2+ 52. Kf3 Qxd3 53. h4
Qf1+ 54. Kg3 Qe1+ 55. Bf2 Qxc3+ 56. Kh2 Qf3 57. h5+ Nxh5 58. Rh6# 1-0

[Event "Perenyi Bela Memorial"]
[Site "Budapest"]
[Date "2016.01.14"]
[Round "8.14"]
[White "Bodrogi, Mihaly"]
[Black "Ongut, Tamas Gunes"]
[Result "0-1"]
[WhiteElo "2038"]
[BlackElo "1904"]
[PlyCount "40"]
[EventDate "2016.01.06"]
[EventRounds "9"]
[EventCountry "HUN"]

1. d4 Nf6 2. Nf3 g6 3. Nbd2 d5 4. c4 c6 5. e3 Bg7 6. b4 a5 7. b5 O-O 8. a4 c5
9. dxc5 Ne4 10. Nxe4 dxe4 11. Nd4 Qc7 12. Ba3 Rd8 13. Rc1 e5 14. b6 Qe7 15. Qb3
exd4 16. c6 d3 17. Rd1 Qf6 18. c7 d2+ 19. Ke2 Bg4+ 20. f3 Bxf3+ 0-1

[Event "Perenyi Bela Memorial"]
[Site "Budapest"]
[Date "2016.01.14"]
[Round "8.15"]
[White "Bodrogi, Laszlo"]
[Black "Trajber, Csaba Dr"]
[Result "1/2-1/2"]
[WhiteElo "1928"]
[BlackElo "2068"]
[PlyCount "147"]
[EventDate "2016.01.06"]
[EventRounds "9"]
[EventCountry "HUN"]

1. e4 c5 2. Nf3 d6 3. d4 cxd4 4. Nxd4 Nf6 5. Nc3 a6 6. Bc4 e6 7. Bb3 b5 8. O-O
Qb6 9. Be3 Qb7 10. f3 Be7 11. a3 O-O 12. Qe2 Bd7 13. Rad1 Nc6 14. Nxc6 Bxc6 15.
Bf4 Rad8 16. Rd2 d5 17. exd5 Nxd5 18. Nxd5 Bxd5 19. Bxd5 Rxd5 20. Rxd5 Qxd5 21.
Rd1 Bc5+ 22. Kf1 Qf5 23. Bg3 Rc8 24. Qd3 Qxd3+ 25. Rxd3 Be7 26. Rd7 Kf8 27. c3
Rc6 28. Ke2 e5 29. Rd5 f6 30. Kd3 Kf7 31. Rd7 Rd6+ 32. Rxd6 Bxd6 33. Bf2 Ke6
34. Bb6 Kd5 35. h3 f5 36. Be3 Be7 37. Bc1 e4+ 38. fxe4+ fxe4+ 39. Kc2 a5 40. b3
a4 41. c4+ bxc4 42. bxa4 Bc5 43. a5 e3 44. Kd1 Ke4 45. Ke2 c3 46. a6 h5 47. a4
g6 48. a5 c2 49. Ba3 Ba7 50. Bb2 Bc5 51. Bc1 Bd4 52. Ba3 g5 53. Bc1 g4 54. Ba3
gxh3 55. gxh3 Ba7 56. Bc1 h4 57. Ba3 Bd4 58. Bc1 Bc5 59. Bb2 Ba7 60. Bc1 Kf4
61. Kd3 Kf3 62. Kxc2 Kf2 63. Kd3 e2 64. Bd2 e1=Q 65. Bxe1+ Kxe1 66. Kc4 Kf2 67.
Kb5 Kg3 68. Kc6 Kxh3 69. Kb7 Be3 70. a7 Bxa7 71. Kxa7 Kg3 72. a6 h3 73. Kb8 h2
74. a7 1/2-1/2

[Event "Perenyi Bela Memorial"]
[Site "Budapest"]
[Date "2016.01.15"]
[Round "9.2"]
[White "Grimm, Daniel"]
[Black "Halak, Miklos"]
[Result "0-1"]
[WhiteElo "2319"]
[BlackElo "2220"]
[PlyCount "50"]
[EventDate "2016.01.06"]
[EventType "swiss"]
[EventRounds "9"]
[EventCountry "HUN"]

1. e4 g6 2. d4 Bg7 3. c4 c5 4. d5 d6 5. Ne2 e6 6. Nec3 exd5 7. cxd5 a6 8. a4
Nd7 9. Be2 Ne7 10. O-O O-O 11. Be3 f5 12. Qd2 Ne5 13. Na3 Rb8 14. Rad1 fxe4 15.
Nxe4 Nf5 16. Kh1 Nxe3 17. Qxe3 Bf5 18. Ng3 Bd7 19. b3 b5 20. axb5 axb5 21. Nc2
Qh4 22. b4 Rbe8 23. bxc5 Ng4 24. Bxg4 Rxe3 25. Bxd7 Rc3 0-1

[Event "Perenyi Bela Memorial"]
[Site "Budapest"]
[Date "2016.01.15"]
[Round "9.3"]
[White "Balint, Vilmos"]
[Black "Reznak, Attila"]
[Result "0-1"]
[WhiteElo "2261"]
[BlackElo "2337"]
[PlyCount "168"]
[EventDate "2016.01.06"]
[EventType "swiss"]
[EventRounds "9"]
[EventCountry "HUN"]

1. Nf3 c5 2. c4 Nf6 3. g3 b6 4. Bg2 Bb7 5. Nc3 g6 6. O-O Bg7 7. d4 cxd4 8. Qxd4
O-O 9. Qh4 d6 10. Bh6 Nbd7 11. Bxg7 Kxg7 12. Rfd1 Rc8 13. Nb5 a6 14. Nbd4 h6
15. g4 Bxf3 16. Bxf3 Ne5 17. b3 Nxf3+ 18. Nxf3 Rc5 19. Rd2 Qc8 20. Rd4 Rd8 21.
Rad1 g5 22. Qh3 h5 23. b4 hxg4 24. Rxg4 Qxg4+ 25. Qxg4 Nxg4 26. bxc5 bxc5 27.
h3 Nf6 28. Nxg5 Kg6 29. Nf3 Rb8 30. Rd3 Rb2 31. Ra3 Rxe2 32. Rxa6 Rc2 33. Ra7
Rxc4 34. Rxe7 Ra4 35. Re2 Ne4 36. Nh4+ Kg5 37. Ng2 Nc3 38. Rd2 d5 39. Rd3 d4
40. h4+ Kh6 41. Ne3 Ne2+ 42. Kf1 Nf4 43. Ng4+ Kg6 44. Rd2 f5 45. Ne5+ Kh5 46.
Nd7 Rc4 47. f3 Kxh4 48. Kf2 Rc3 49. a4 d3 50. a5 c4 51. Nb6 Rc2 52. Ke3 c3 53.
Rd1 d2 54. Na4 Nd5+ 55. Kd4 Rc1 56. Nxc3 Nxc3 57. Rxd2 Nb5+ 58. Ke5 Rc5+ 59.
Kf4 Kh5 60. Rg2 Kh6 61. a6 Nc7 62. a7 Ne6+ 63. Kg3 Ra5 64. Re2 Nc7 65. Kf4 Kg6
66. Re5 Rxa7 67. Kg3 Kf6 68. Rc5 Ne6 69. Rc3 f4+ 70. Kg4 Rg7+ 71. Kh4 Kf5 72.
Kh3 Rg3+ 73. Kh2 Ng5 74. Rc5+ Kg6 75. Kh1 Rxf3 76. Rc8 Rg3 77. Ra8 Kf5 78. Rb8
Kg4 79. Ra8 f3 80. Kh2 Rg2+ 81. Kh1 Rc2 82. Rg8 Kf4 83. Rf8+ Kg3 84. Rxf3+ Kxf3
0-1

[Event "Perenyi Bela Memorial"]
[Site "Budapest"]
[Date "2016.01.15"]
[Round "9.4"]
[White "Orso, Miklos"]
[Black "Gumanny, Evgeny"]
[Result "1-0"]
[WhiteElo "2283"]
[BlackElo "2139"]
[PlyCount "89"]
[EventDate "2016.01.06"]
[EventType "swiss"]
[EventRounds "9"]
[EventCountry "HUN"]

1. Nf3 c5 2. c4 Nf6 3. g3 b6 4. Bg2 Bb7 5. O-O d6 6. Nc3 a6 7. e3 e6 8. d4 cxd4
9. exd4 Be7 10. a4 Nbd7 11. Re1 O-O 12. d5 e5 13. Nd2 Nc5 14. Qe2 a5 15. Nb5
Nfd7 16. b3 Re8 17. Rb1 Bf8 18. Ne4 Nxe4 19. Qxe4 g6 20. Qc2 f5 21. Bd2 Nc5 22.
Bf1 Bc8 23. b4 axb4 24. Rxb4 Bd7 25. Nc3 Qc7 26. Reb1 Ra6 27. Qc1 Rea8 28. Bh6
Bxh6 29. Qxh6 Bxa4 30. Nxa4 Nxa4 31. c5 dxc5 32. R4b3 Ra5 33. Bc4 Qd6 34. h4
Qf8 35. Qg5 R8a7 36. h5 Qd6 37. Bb5 Qe7 38. Qxe7 Rxe7 39. d6 Rea7 40. d7 Ra8
41. Rd3 Rd8 42. Ra3 Nc3 43. Rxc3 Kf7 44. hxg6+ hxg6 45. Bc4+ 1-0

[Event "Perenyi Bela Memorial"]
[Site "Budapest"]
[Date "2016.01.15"]
[Round "9.5"]
[White "Lengyel, Bela"]
[Black "Farago, Sandor"]
[Result "1-0"]
[WhiteElo "2246"]
[BlackElo "2263"]
[PlyCount "161"]
[EventDate "2016.01.06"]
[EventType "swiss"]
[EventRounds "9"]
[EventCountry "HUN"]

1. e4 c5 2. Nf3 e6 3. d4 cxd4 4. Nxd4 Nc6 5. Nb5 d6 6. c4 Nf6 7. N1c3 a6 8. Na3
Qa5 9. Bd2 Qc7 10. Be2 Nd4 11. Bd3 d5 12. cxd5 b5 13. Rc1 Qb8 14. Be3 e5 15.
Nc2 Bc5 16. O-O Ng4 17. Qd2 O-O 18. Ne2 f5 19. Ncxd4 exd4 20. Bf4 Bd6 21. h3
fxe4 22. Rxc8 Rxc8 23. Bxe4 Bxf4 24. Nxf4 Nf6 25. Bf5 Rc5 26. Be6+ Kh8 27. g3
Qd6 28. Qxd4 Rc4 29. Qe3 Rd8 30. h4 Rc2 31. h5 Re8 32. h6 Rc7 33. Qd4 Rf8 34.
hxg7+ Rxg7 35. Rc1 Rc7 36. Re1 Rc4 37. Qd2 Ne4 38. Qe3 Ng5 39. b3 Rcxf4 40.
gxf4 Qxf4 41. Qc3+ Rf6 42. Re2 Nf3+ 43. Kf1 Nd4 44. Rd2 Nf3 45. Rd3 Kg7 46. Ke2
Qe4+ 47. Re3 Nd4+ 48. Kd1 Qb1+ 49. Qc1 Qxc1+ 50. Kxc1 Rxf2 51. d6 Rc2+ 52. Kb1
Rc5 53. b4 Rc6 54. d7 Rd6 55. Bh3 Nc6 56. Re8 Kf7 57. Rh8 h6 58. Bg2 Rxd7 59.
Bxc6 Rd4 60. a3 Rd6 61. Bb7 Rb6 62. Rh7+ Kg6 63. Be4+ Kg5 64. Bf3 a5 65. Rc7
axb4 66. axb4 Kf4 67. Rc6 Rb8 68. Bh5 Ke3 69. Kb2 Kd4 70. Be2 Ke3 71. Re6+ Kd2
72. Kb3 h5 73. Bxh5 Rg8 74. Rd6+ Ke3 75. Rd5 Rb8 76. Bg6 Rg8 77. Bd3 Rg3 78.
Kc3 Rg1 79. Re5+ Kf4 80. Rxb5 Rc1+ 81. Kd4 1-0